| 000 | 006020000a22001570004500 | ||
|---|---|---|---|
| 003 | MACL | ||
| 005 | 20180220153054.0 | ||
| 008 | 180220b xxu||||| |||| 00| 0 eng d | ||
| 040 | _cmacl | ||
| 100 |
_a दत्त, डा. उषा _970483 |
||
| 245 | _aबालक और अभिभावक | ||
| 260 |
_bदिल्ली _c गुरूकुल विद्यापिठ प्रकाशन _a2005 |
||
| 350 | _a300 | ||
| 650 |
_a चिल्ड्रन ज्ञान विज्ञान ढनसाइक्लोपीडिया, _970484 |
||
| 942 |
_cHIN _k155 _2ddc |
||
| 999 |
_c19310 _d19310 |
||